Statistics for "You're a Mean One, Mr. Grinch" Lyrics

Click here to take the quiz!

General Stats

  • This quiz has been taken 257 times
  • The average score is 13 of 28

Answer Stats

% Correct
You're a {mean} one, Mr. Grinch
100%
You're as charming as an {eel}, Mr. Grinch
73%
You're as cuddly as a {cactus}
72%
Given a choice between the two of you, I'd take the seasick {crocodile}
67%
Of a seasick {crocodile}, Mr. Grinch
67%
"Stink, stank, {stunk}!"
67%
You're a bad banana with {greasy} black peel
64%
You really are a {heel}
58%
Your heart's an empty {hole}
58%
You have {termites} in your smile
55%
I wouldn't touch you with a {thirty-nine} and a half foot pole
51%
Your brain is full of {spiders}
49%
You've got {garlic} in your soul, Mr. Grinch
49%
The three words that best describe you are as follows, and I {quote}
48%
You're a {foul} one, Mr. Grinch
45%
You're a {monster} Mr. Grinch
41%
Your heart is full of {unwashed} socks
41%
You have all the tender {sweetness}
40%
You're a nasty-wasty {skunk}
38%
Sploched with {moldy} purple spots, Mr. Grinch
33%
Your soul is full of {gunk}, Mr. Grinch
33%
You're a {vile} one, Mr. Grinch
31%
Your heart's a dead {tomato}
29%
{Mangled} up in tangled up knots
27%
You're a {rotter}, Mr. Grinch
26%
Overflowing with the most disgraceful assortment of {rubbish} imaginable
25%
You're the king of sinful {sots}
25%
Your soul is an appalling {dump} heap
24%

Score Distribution

Percentile by Number Answered

Percent of People with Each Score

Your Score History

You have not taken this quiz